01010cam 2200277 i 4500001000800000005001700008008004100025035002100066906004500087010001700132040001800149043001200167050001700179082001300196100002000209245008700229260010200316300005600418504003000474500002000504651003000524651004100554710005100595991005600646099003000702276884519870729000000.0791023s1979 pauab b s001 0 eng  9(DLC) 79624727 a7bcbccorignewd2encipf19gy-gencatlg a 79624727  aDLCcDLCdDLC an-us-pa00aF159.L2bW6600a974.8/151 aWood, Jerome H.10aConestoga crossroads, Lancaster, Pennsylvania, 1730-1790 /cby Jerome H. Wood, Jr. aHarrisburg :bCommonwealth of Pennsylvania, Pennsylvania Historical and Museum Commission,c1979. axi, 305 p. :bill., map (on lining paper) ;c24 cm. aBibliography: p. 287-296. aIncludes index. 0aLancaster (Pa.)xHistory. 0aConestoga (Pa. : Township)xHistory.2 aPennsylvania Historical and Museum Commission. bc-GenCollhF159.L2iW66p00030474715tCopy 1wBOOKS awood-conestoga-1074962782